00427nam a2200169Ia 4500003000900000008004100009040001300050040001300063041000800076245008800084250000900172260002500181300001100206300001000217490000600227710002400233IT-RoPAU120407s9999 xx 000 0 und d aIT-RoPAU cIT-RoPAU aita aLe “fonti”. Testi che hanno ispirato la redazione delle Costituzioni rinnovate. aRoma aCasa Generalizia FSP a155 p. c17 cm v1 aFiglie di San Paolo